000 00610nam a2200217Ia 4500
003 BUBTL
008 151213s9999 xx 000 0 und d
020 _a984-32-2118-4
082 _a347.09/M2146a
100 _aMahbub, SK. Golam
_94032
245 _aAlternative Dispute Resolution In Commercial Disputes
_cSK. Golam Mahbub
250 _a1st
260 _aDhaka
_bSK. Golam Mahbub
_cc2005
300 _a[xii] , 206p . :
_b21cm.
650 _aLaw
_94033
650 _aLaw
_94033
700 _aSK. Golam Mahbub
_94034
856 _k0
_l0
_yDownload
942 _2ddc
_cBK
999 _c3618
_d3618